01446cam a2200289 a 4500001000800000005001700008008004100025010001700066020001500083040001800098043001100116050001500127082002400142245012100166260004400287300002400331440004500355504005400400505037000454650007600824650007200900650005800972650007201030700002101102700001701123710001601140248782320210414113922.0910726s1991 dcu b i000 0 eng  a 91029951  a0821319094 aDLCcDLCdDLC ad-----00aHD4903.U5600a331.13/3/09172422000aUnfair advantage :labor market discrimination in developing countries /cedited by Nancy Birdsall and Richard Sabot. aWashington, D.C. :bWorld Bank,cc1991. axi, 207 p. c24 cm. 0aWorld Bank regional and sectoral studies aIncludes bibliographical references (p. 197-204). aContents: Labor market discrimination: measurement and interpretation -- Labor market discrimination and economic development -- Labor market discrimination in a poor urban economy -- Discrimination in East Africa's urban labor markets -- Earnings and determinants of labor markets -- Earnings and determinants of labor force participation in a developing country.  0aDiscrimination in employmentzDeveloping countriesxEconometric models. 0aEqual pay for equal workzDeveloping countriesxEconometric models. 0aPay equityzDeveloping countriesxEconometric models. 0aSexual division of laborzDeveloping countriesxEconometric models.1 aBirdsall, Nancy.1 aSabot, R. H.2 aWorld Bank.